Navajo Rugs / Past, Present and Future (Record no. 1357)

000 -LEADER
fixed length control field 00562nam a22001937a 4500
005 - DATE AND TIME OF LATEST TRANSACTION
control field 20210426082316.0
008 - FIXED-LENGTH DATA ELEMENTS--GENERAL INFORMATION
fixed length control field 210211s1973 ||||| |||| 00| 0 eng d
040 ## - CATALOGING SOURCE
Original cataloging agency eng
Transcribing agency DLC
041 ## - LANGUAGE CODE
Language code of text/sound track or separate title eng
080 ## - UNIVERSAL DECIMAL CLASSIFICATION NUMBER
Universal Decimal Classification number 7
Item number M-42
100 ## - MAIN ENTRY--PERSONAL NAME
9 (RLIN) 842
Personal name Maxwell, S. Gilbert
245 ## - TITLE STATEMENT
Title Navajo Rugs / Past, Present and Future
Statement of responsibility, etc. / by: Best-West Publications
260 ## - PUBLICATION, DISTRIBUTION, ETC.
Place of publication, distribution, etc. Palm Desert, California
Name of publisher, distributor, etc. Best-West Publications
Date of publication, distribution, etc. 1973
300 ## - PHYSICAL DESCRIPTION
Extent 72 p.
Other physical details ill.
650 #0 - SUBJECT ADDED ENTRY--TOPICAL TERM
9 (RLIN) 447
Topical term or geographic name entry element Art
653 ## - INDEX TERM--UNCONTROLLED
Uncontrolled term ხელოვნება
700 ## - ADDED ENTRY--PERSONAL NAME
9 (RLIN) 843
Personal name Conrotto, L. Eugene
942 ## - ADDED ENTRY ELEMENTS (KOHA)
Source of classification or shelving scheme
Koha item type Books
Holdings
Withdrawn status Lost status Source of classification or shelving scheme Damaged status Not for loan Permanent location Current location Date acquired Inventory number Total Checkouts Full call number Barcode Date last seen Price effective from Koha item type
          Ken Walker International University Ken Walker International University 02/11/2021 814   7 M-42 814 02/11/2021 02/11/2021 Books

Powered by Koha